Statistics for アイドルマスター ミリオンライブ!のソロ楽曲

Click here to take the quiz!

General Stats

  • This quiz has been taken 13 times
  • The average score is 101 of 193

Answer Stats

歌唱曲名収録CD% Correct
プラリネLTH04
100%
北沢志保ライアー・ルージュLTP04
100%
未来飛行LTH02
100%
ローリング△さんかくMS01
100%
伊吹翼恋のLesson初級編LTP06
100%
最上静香Precious GrainLTP02
100%
初恋バタフライLTH06
88%
宮尾美也ハッピ~ エフェクト!LTP10
88%
地球儀にない国MS01
88%
春日未来素敵なキセキLTP03
88%
ジュリア流星群LTP06
88%
夢色トレインLTH03
88%
七尾百合子透明なプロローグLTP02
88%
アロー彗星MS201
88%
白石紬瑠璃色金魚と花菖蒲MS01
88%
アイドルは、かく語りきMS202
88%
おまじないLTH07
88%
田中琴葉朝焼けのクレッシェンドLTP04
88%
所恵美アフタースクールパーリータイムLTP04
88%
きまぐれユモレスクMS209
88%
わたしルネサンスMS206
88%
AIKANE?MS04
88%
百瀬莉緒Be My BoyLTP05
88%
馬場このみdear...LTP13
88%
ロコIMPRESSION→LOCOMOTION!LTP12
88%
天空橋朋花Maria TrapLTP02
88%
Silent JokerMS05
88%
Super LoverLTH05
88%
To...MS03
88%
vivid colorLTH09
88%
恋のWa・Wo・NMS203
88%
箱崎星梨花トキメキの音符になってLTP02
75%
徳川まつりフェスタ・イルミネーションLTP10
75%
はなしらべMS05
75%
佐竹美奈子スマイルいちばんLTP09
75%
アニマル☆ステイション!LTH08
75%
矢吹可奈オリジナル声になってLTP08
75%
桜守歌織ハミングバードMS02
75%
折紙物語MS204
75%
あめにうたおう♪MS04
75%
ロケットスター☆MS02
75%
横山奈緒ハッピー☆ラッキー☆ジェットマシーンLTP03
75%
空想文学少女LTH02
75%
二階堂千鶴恋心マスカレードLTP12
75%
高山紗代子君想いBirthdayLTP07
75%
島原エレナ想いはCarnavalLTP11
75%
Catch my dreamLTH03
75%
CAT CROSSINGMS02
75%
ContrastetMS208
75%
真壁瑞希POKER POKERLTP05
75%
如月千早Snow WhiteLTP04
75%
VIVID イマジネーションLTH02
75%
あたためますか?MS201
63%
ゆえに…なんですMS203
63%
絵本LTH03
63%
プリンセス・アラモードMS02
63%
カーニヴァル・ジャパネスクLTH04
63%
福田のり子マイペース☆マイウェイLTP07
63%
スタートリップMS06
63%
スポーツ!スポーツ!スポーツ!MS04
63%
フローズン・ワードLTH06
63%
四条貴音恋花LTP10
63%
星井美希追憶のサンドグラスLTP06
63%
木下ひなたあのね、聞いてほしいことがあるんだLTP09
63%
パーフェクトゲームMS207
63%
りんごのマーチLTH08
63%
しあわせエンドロールMS207
63%
ファンタジスタ・カーニバルLTH10
63%
さかしまの言葉MTW10
63%
シルエットMS08
63%
ときどきシーソーMS07
63%
水中キャンディLTH08
63%
ART NEEDS HEART BEATSMS04
63%
Believe my change!LTH02
63%
Border LINE→→→♡MS05
63%
三浦あずさ嘆きのFRACTIONLTP07
63%
望月杏奈Happy DarlingLTP03
63%
...In The Name Of。 ...LOVE?LTH02
63%
It's meMS207
63%
Just be myself‼LTH04
63%
MUSIC JOURNEYMTW10
63%
Only One SecondMS03
63%
Purple SkyMS201
63%
我那覇響RebellionLTP03
63%
SING MY SONGMS03
63%
SisterMS08
63%
WHY?LTH10
63%
周防桃子デコレーション・ドリ~ミンッ♪LTP12
50%
永吉昴ビギナーズ☆ストライクLTP13
50%
裏表深層心理MS205
50%
週末だけのハーレクインMS204
50%
絵羽模様MS204
50%
鳥籠スクリプチュアLTH09
50%
ハッピーマイガーデンMS203
50%
スノウレターMS07
50%
ユニゾン☆ビートLTH07
50%
高坂海美ココロ☆エクササイズLTP10
50%
天海春香キラメキ進行形LTP02
50%
シャル・ウィー・ダンス?MS206
50%
ホントウノワタシLTH06
50%
未来系ドリーマーMS01
50%
満腹至極フルコォスMS03
50%
双海亜美微笑んだから、気づいたんだ。LTP13
50%
萩原雪歩ハミングロードLTP12
50%
BOUNCING♪SMILE!LTH06
50%
Come on a Tea Party!MS03
50%
秋月律子GREEDY GIRLLTP09
50%
野々原茜Heart♡・デイズ・Night☆LTP13
50%
HOME RUN SONG♪MS02
50%
松田亜利沙チョー↑元気Show☆アイドルch@ng!LTP09
50%
SUPER SIZE LOVE!!LTH08
50%
泣き空、のちMS206
38%
篠宮可憐ちいさな恋の足音LTP07
38%
シャクネツのパレードMS08
38%
ユニーク・スター・プレイヤー!MS206
38%
恋の音色ラインLTH09
38%
ムーンゴールドMS06
38%
きみがくれた言葉があるからMS203
38%
大神環ホップ♪ステップ♪レインボウ♪LTP08
38%
空に手が触れる場所MS08
38%
稲妻スピリットMS209
38%
君だけの欠片LTH04
38%
リーチ・アップ・ステップ!MS210
38%
ストロベリー・キューピッドLTH01
38%
豊川風花オレンジの空の下LTP03
38%
スポットライト・ミラーランドMS210
38%
キミが真ん中にいたMS202
38%
祈りの羽根MS01
38%
恋愛ロードランナーLTH06
38%
ピンクローズアプローズMS208
38%
addictedLTH10
38%
bitter sweetLTH04
38%
Cross the futureMS205
38%
Day After "Yesterday"LTH09
38%
Discord AreaMS210
38%
ENTER→PLEASUREMS04
38%
北上麗花FIND YOUR WIND!LTP06
38%
舞浜歩Get My Shinin'LTP11
38%
I DOMS209
38%
K・A・W・A・I・I of the WORLD!MS201
38%
教えてlast note…MS07
38%
Oli Oli DISCOMS06
38%
水瀬伊織プライヴェイト・ロードショウ (playback, Weekday)LTP05
38%
REACH THE SKYMS210
38%
サマ☆トリ 〜Summer trip〜LTH03
38%
Take!3. 2. 1. → S・P・A・C・E↑↑MS07
38%
WE ARE ONE‼MS06
38%
君に映るポートレイトMS202
25%
地球ミラーボウルLTH01
25%
プルメリアの花MS205
25%
交わる季節MS206
25%
夕風のメロディーLTH10
25%
セピアカラフルMS203
25%
ふたり繋ぐ星座MS209
25%
たんけんぼうけん☆ハイホー隊MS05
25%
月のほとりでLTH07
25%
キミがいて夢になるLTH05
25%
エミリー微笑み日和LTP05
25%
ふわりずむMS05
25%
タイムマシンに飛び乗って!LTH01
25%
グローインミュージック!MS204
25%
中谷育グッデイ・サンシャインLTP08
25%
Beautiful BelieverMS205
25%
DATE PARADE!MS204
25%
双海真美DETECTIVE HIGH! ~恋探偵物語~LTP11
25%
Dual Style IdolMS202
25%
FAKE SELF×TRUE SELFLTH09
25%
勇気のfragranceMS202
25%
HAPPY♪STEPPING!!DREAMING☆MS201
25%
Hearty!!MS07
25%
Impervious ResolutionLTH07
25%
Liar's good byeLTH01
25%
Moonrise BeliefMS206
25%
MY STYLE! OUR STYLE!!!!LTH05
25%
Play GO! RoundMS207
25%
Sing a Wing SongMS210
25%
美!美!美!ビルドUP!!MS208
25%
Walking on the SquareMS209
25%
WORLD WIDE DANCE!!!LTH07
25%
WOW! I NEED!! ~シンギングモンキー 歌唱拳~LTH08
25%
プリティ~~~ッ→ニャンニャンッ!LTH03
13%
ピカリピックアップMS202
13%
高槻やよいハートウォーミングLTP08
13%
オン・ステージ・プレーヤー!MS208
13%
Collier De PerlesMS205
13%
菊地真FLY TO EVERYWHERELTP11
13%
Home is a coming now!MS06
13%
愛のMagic! Once Again!MS208
13%
smiley daysLTH01
13%
STEREOPHONIC ISOTONICLTH10
13%
Super Funky Piece!!MS207
13%
Up!10sion♪Pleeeeeeeeease!LTH05
13%
求ム VS マイ・フューチャーLTH05
13%

Score Distribution

Percentile by Number Answered

Percent of People with Each Score

Your Score History

You have not taken this quiz